Georgia Colleges and Universities - Statistics

General Stats
  • This quiz has been taken 7 times
  • The average score is 13 of 61
Answer Stats
Location College / University % Correct
Athens Georgia
100%
Atlanta Georgia State
100%
Statesboro Georgia Southern
86%
Atlanta Georgia Tech
86%
Kennesaw Kennesaw State
86%
Dahlonega North Georgia
71%
Carrollton West Georgia
71%
Atlanta Emory
57%
Fort Valley Fort Valley State
57%
Savannah SCAD
57%
Savannah South
57%
Augusta Augusta State
43%
Columbus Columbus State
43%
Macon Mercer
43%
Atlanta Morehouse
43%
Savannah Savannah State
43%
Albany Albany State
29%
Mount Berry Berry
29%
Dalton Dalton State
29%
Milledgeville Georgia College
29%
LaGrange LaGrange
29%
Macon Middle Georgia State
29%
Valdosta Valdosta State
29%
Young Harris Young Harris
29%
Atlanta Clark Atlanta
14%
Americus Georgia Southwestern State
14%
Douglas South Georgia State
14%
Atlanta Spelman
14%
Thomasville Thomas
14%
Tifton Abraham Baldwin
0%
Decatur Agnes Scott
0%
Cuthbert Andrew
0%
Norcross Ashworth
0%
Gainesville Brenau
0%
Mount Vernon Brewton-Parker
0%
Atlanta Christian College of Georgia
0%
Morrow Clayton State
0%
Brunswick Coastal Georgia
0%
Lookout Mountain Covenant
0%
Franklin Springs Emmanuel
0%
Atlanta Evangeline Booth
0%
Atlanta Georgia Central
0%
Lawrenceville Georgia Gwinnett
0%
Rome Georgia Highlands
0%
Milledgeville Georgia Military College
0%
Barnesville Gordon State
0%
Lilburn Gwinnett College, Lilburn
0%
Sandy Springs Gwinnett College, Sandy Springs
0%
Atlanta Herzing
0%
Marietta Life
0%
Atlanta Metropolitan State
0%
Atlanta Morris Brown
0%
Brookhaven Oglethorpe
0%
Augusta Paine
0%
Demorest Peidmont
0%
West Point Point
0%
Waleska Reinhardt
0%
Rome Shorter
0%
Toccoa Toccoa Falls
0%
Cleveland Truitt McConnell
0%
Macon Wesleyan
0%
No matching quizzes found
Score Distribution
Percent of People with Each Score
Percentile by Number Answered
Your Score History
You have not taken this quiz